10 wooden boats you can build

Gespeichert in:
Bibliographische Detailangaben
Hauptverfasser: Baker, Robert H (VerfasserIn), Bray, Maynard (VerfasserIn), Brown, Jim (VerfasserIn), Christensen, Arne Emil (VerfasserIn), Conrad, Jim (VerfasserIn), Kulczycki, Chris (VerfasserIn), Dow, Eric (VerfasserIn), Ero, Graham (VerfasserIn), McCarthy, Henry (VerfasserIn), Marples, John (VerfasserIn), Newick, Richard (VerfasserIn), Payson, Harold H (VerfasserIn), Sitton, Thad (VerfasserIn)
Format: Buch
Sprache:Englisch
Veröffentlicht: Brooklin Woodenboat 1995
Schriftenreihe:The Woodenboat Series
Schlagworte:
Tags: Tag hinzufügen
Keine Tags, Fügen Sie den ersten Tag hinzu!

MARC

LEADER 00000nam a2200000 a 4500
001 UCN8454
003 CL-VaPUC
008 011109e19950000us |||||||||||||||||eng|d
082 0 4 |a 623.8202  |b BAK  |2 21 
100 0 |a Baker, Robert H  |e author  |9 464688 
700 0 |a Bray, Maynard  |e author  |9 464689 
700 0 |a Brown, Jim  |e author  |9 464690 
700 0 |a Christensen, Arne Emil  |e author  |9 464691 
700 0 |a Conrad, Jim  |e author  |9 464692 
700 0 |a Kulczycki, Chris  |e author  |9 464693 
700 0 |a Dow, Eric  |e author  |9 464694 
700 0 |a Ero, Graham  |e author  |9 464695 
700 0 |a McCarthy, Henry  |e author  |9 464696 
700 0 |a Marples, John  |e author  |9 464697 
700 0 |a Newick, Richard  |e author  |9 464698 
700 0 |a Payson, Harold H  |e author  |9 464699 
700 0 |a Sitton, Thad  |e author  |9 464700 
245 1 0 |a 10 wooden boats you can build 
300 |a 191 p 
942 |c BK 
945 |d 20011109 00:00:00  |a crobeson 
260 |a Brooklin  |b Woodenboat  |c 1995 
650 7 |a CONSTRUCCION NAVAL - MANUALES  |2 CL-VaPUC  |9 464701 
650 7 |a EMBARCACIONES PEQUEÑAS  |2 CL-VaPUC  |9 464702 
583 |a last modification  |c 20171221 02:52:14  |k Rodrigo Vera 
490 0 |a The Woodenboat Series 
999 |c 298343  |d 298341 
952 |0 0  |1 0  |4 0  |6 623_820200000000000_BAK_1995  |7 0  |8 A  |9 353855  |a BIBARQ  |b BIBARQ  |d 2019-11-21  |i 3769682  |o 623.8202 BAK 1995  |p 3769682  |r 2025-01-20  |w 2019-11-21  |y BK  |k ARQ